OneShot - Main Characters - Statistics

General Stats
  • This quiz has been taken 25 times
  • The average score is 8 of 10
Answer Stats
Picture Answer % Correct
Niko
100%
The World Machine
89%
Alula
84%
George
84%
Prototype
84%
Cedric
79%
Lamplighter
79%
Rue
79%
Silver
79%
Calamus
74%
No matching quizzes found
Score Distribution
Percent of People with Each Score
Percentile by Number Answered
Your Score History
You have not taken this quiz